Most read newspapers in Europe (2016) - Statistics

General Stats
  • This quiz has been taken 50 times
  • The average score is 6 of 15
Answer Stats
Rank Name % Correct
7 Le Monde
74%
1 The Guardian
60%
5 El País
57%
2 The Daily Mail
52%
12 Le Figaro
48%
11 Bild
45%
9 El Mundo
43%
13 Corriere della Sera
40%
15 Die Welt
33%
10 La Repubblica
31%
14 Marca
26%
3 The Daily Telegraph
21%
6 Financial Times
17%
4 The Independent
14%
8 Daily Mirror
7%
No matching quizzes found
Score Distribution
Percent of People with Each Score
Percentile by Number Answered
Your Score History
You have not taken this quiz